000 00230nam a2200097Ia 4500
005 20251222114407.0
008 251222s1900||||xx |||||||||||||| ||spa||
082 _aDVD0099/B94/T.3
245 0 _aOrĂ­genes del hombre 9-12:
942 _cDVD
999 _c1887
_d1887